Η συνθήκη του Αμστερνταμ : οδηγίες χρήσης
Αποθηκεύτηκε σε:
| Μορφή: | Βιβλίο |
|---|---|
| Γλώσσα: | Greek |
| Δημοσίευση: |
Λουξεμβούργο :
Υπηρεσία Επισήμων Εκδόσεων των Ευρωπαϊκών Κοινοτήτων,
c1999
|
| Θέματα: | |
| Ετικέτες: |
Προσθήκη ετικέτας
Δεν υπάρχουν, Καταχωρήστε ετικέτα πρώτοι!
|
MARC
| LEADER | 00000cam a2200000 i 4500 | ||
|---|---|---|---|
| 001 | 1/11260 | ||
| 008 | 000911s1999 gre d | ||
| 020 | |a 9282816516 | ||
| 035 | |l 10063768 | ||
| 040 | |a GR-MY-UA |b gre |e aacr | ||
| 041 | 0 | |a gre | |
| 082 | 0 | |a 341.0265 | |
| 245 | 1 | 2 | |a Η συνθήκη του Αμστερνταμ : |b οδηγίες χρήσης |
| 260 | |a Λουξεμβούργο : |b Υπηρεσία Επισήμων Εκδόσεων των Ευρωπαϊκών Κοινοτήτων, |c c1999 | ||
| 300 | |a 108 σ.; |c 30 cm | ||
| 650 | 0 | 0 | |a Treaties. |
| 852 | |a INST |b CHIOS |e 20000911 |h 341.0265 ΣΥΝ |p 005200018177 |q 005200018177 |t BK |y 0 | ||
| 901 | |a BIBL2-2000-3 | ||
| 909 | |a Χ |b 075666 | ||
| 970 | |z 2000/09/ΣΟΦΙΑ | ||